00329nam a22001337a 4500003000400000008004100004020001800045100002000063245005100083250001300134260001700147300000900164650002200173OSt210410b ||||| |||| 00| 0 eng d a9780128200070 aADEJARE,Adeboye aRemington the Science and Practice of Pharmacy a23th Ed. aUKbElsevier a1000 aPharmacy practice